Responses for Show #3592 - Tuesday, March 28, 2000

Contestants

[<< previous game]

Andrew Millians, a cameraman from Los Angeles, California

Jennifer Yuan, a web designer from Philadelphia, Pennsylvania

Bryan Marcus, a sales clerk from Montevallo, Alabama (whose 2-day cash winnings total $12,199)

[next game >>]

Jeopardy! Round responses

THE PHILADELPHIA STORY
(Alex: How about that, Jennifer?)
SPELL THE LAST NAME
THE BRONZE AGE
POP SONGS BY THE NUMBERS
WE'LL ALWAYS HAVE PARROTS
HOW "RIGHT" YOU ARE!
    $100 3
Betsy Ross

Jennifer
    $100 14
C-U-O-M-O

Andrew
    $100 15
Third

Bryan
    $100 5
One

Bryan
    $100 1
Nests

Andrew
    $100 16
Right field

Jennifer
    $200 4
Rocky Balboa

Andrew
    $200 18
Y-E-L-T-S-I-N

Andrew
    $200 17
(A: What is the Medal of Freedom?)

Bronze Star

JenniferAndrew
    $200 6
"Two Tickets To Paradise"

Triple Stumper
    $200 2
Speaking/talking

Bryan
    $200 19
Human rights

Andrew
    $300 9
Ben Franklin

Jennifer
    $300 24
F-L-I-N-T-S-T-O-N-E

Andrew
    $300 28
coin

Triple Stumper
    $300 8
"1999"

Jennifer
    $300 7
Lovebirds

Andrew
    $300 20
"You have the right to remain silent"

Andrew
    $400 10
Constitution

Bryan
    $400 26
C-L-E-M-E-N-C-E-A-U

Jennifer
    $400 29
St. Peter's Basilica

Jennifer
    $400 22
"2 Become 1"

Triple Stumper
    $400 12
Cockatiel

Andrew
    $400 21
Right Bank of the Seine

Bryan
    $500 11
William Penn

Bryan
    $500 27
N-U-R-E-Y-E-V

Jennifer
    $500 30
(A: Who is Holliday?)
(B: Who is...I don't know?)

Doc Savage

BryanAndrew
Triple Stumper
    $500 25
"867-5309"

Jennifer
    $500 13
Fjords

Jennifer
    $500 23
Right whale

Jennifer

Scores at the first commercial break (after clue 13):

Bryan Jennifer Andrew
$1,200 $1,200 $1,000

Scores at the end of the Jeopardy! Round:

Bryan Jennifer Andrew
$1,200 $3,800 $1,400

Double Jeopardy! Round responses

"G"EOGRAPHY
QUOTATIONS
WHILE HENRY VIII WAS KING
THE DIRECTOR'S CHAIR
THAT'S REVOLTING!
(Alex: All about revolutions, you have to identify the country.)
DOTS NICE
    $200 1
Grand Canyon

Andrew
    $200 8
Homer

Andrew
    $200 19
(A: Who is Galileo?)

Copernicus

JenniferAndrew
    $200 9
Ron Howard

Andrew
    $200 6
Mexico

Andrew
    $200 14
(B: What is "S?")
(A: What is "O?")

E

BryanJenniferAndrew
    $400 2
Greenwich Village

Jennifer
    $400 15
Abraham Lincoln

Andrew
    $400 20
Michelangelo

Andrew
    $400 10
John Ford

Jennifer
    $400 7
Sri Lanka

Bryan
    $400 27
Candy

Andrew
    $600 3
Guam

Andrew
    $600 21
Death

Jennifer
    $4,200 24
(B: What is Bologna?)
(we have less than a minute to go...)

Pisa

Bryan
    $600 11
Robert Altman

Jennifer
    $600 16
Peru

Andrew
    $600 28
Dots per inch

Bryan
    $800 4
Ghana

Bryan
    $800 22
Margaret Thatcher

Andrew
    $800 25
Rabelais

Triple Stumper
    $1,800 12
Bernardo Bertolucci

Jennifer
    $800 17
Colombia

Triple Stumper
    $800 29
Mahjong

Bryan
    $1000 5
Garland

Bryan
    $1000 23
"The Importance of Being Earnest"

Bryan
    $1000 26
Mogul

Bryan
    $1000 13
Lawrence Kasdan

Andrew
    $1000 18
Philippines

Triple Stumper
    $1000 30
(J: What is scrimshaw?)

Stippling

Jennifer
Triple Stumper

Scores at the end of the Double Jeopardy! Round:

Bryan Jennifer Andrew
$2,400 $7,000 $6,000

[wagering suggestions for these scores]

Final Jeopardy! Round responses

PLAYS
BryanWhat is a Streetcar named Desire?
$2,400
AndrewWhat is the streetcar named Desire
$5,900
JenniferWhat is the streetcar named Desire
$5,101
"A Streetcar Named Desire"

Final scores:

Bryan Jennifer Andrew
$4,800 $12,101 $11,900
3rd place: Zenith See-Thru TV New champion: $12,101 2nd place: Trip to Nova Scotia courtesy of Collette Tours

Game dynamics:

Coryat scores:

Bryan Jennifer Andrew
$6,600 $6,000 $6,000
13 R
(including 1 DD),
3 W
(including 1 DD)
18 R
(including 1 DD),
1 W
20 R,
4 W

Combined Coryat: $18,600

[game clues] [game scores] [suggest correction]

Game tape date: 2000-01-12
The J! Archive is created by fans, for fans. Scraping, republication, monetization, and malicious use prohibited; this site may use cookies and collect identifying information. See terms. The Jeopardy! game show and all elements thereof, including but not limited to copyright and trademark thereto, are the property of Jeopardy Productions, Inc. and are protected under law. This website is not affiliated with, sponsored by, or operated by Jeopardy Productions, Inc. Join the discussion at JBoard.tv.